Visualizzazione normale
Vista MARC
- Di Mario Angelo
di Personal Name
Records bibliografici associati: 1
001 - CONTROL NUMBER
- control field: 2089
003 - CONTROL NUMBER IDENTIFIER
- control field: IT-RoPau
005 - DATE AND TIME OF LATEST TRANSACTION
- control field: 20131114212502.0
008 - FIXED-LENGTH DATA ELEMENTS
- fixed length control field: 131114|| aca||aabn | a|a d
040 ## - CATALOGING SOURCE
- Original cataloging agency: IT-RoPau
- Transcribing agency: IT-RoPau
100 ## - HEADING--PERSONAL NAME
- Personal name: Di Mario Angelo
- Miscellaneous information: Codice autore SPICS: 10868
- Relator term: Autore
670 ## - SOURCE DATA FOUND
- Source citation: Work cat.: (IT-RoPau)102151: Di Mario Angelo 853, Natale ancora